[Event "Vlissingen HZ op 13th"]
[Site "Vlissingen"]
[Date "2009.08.02"]
[Round "2"]
[White "Bosboom, Manuel"]
[Black "Bottema, Martin"]
[Result "1-0"]
[WhiteElo "2444"]
[BlackElo "2105"]
[PlyCount "117"]
[EventDate "2009.08.01"]
[EventType "swiss"]
[EventRounds "9"]
[EventCountry "NED"]
[SourceTitle "CBM 131 Extra"]
[Source "ChessBase"]
[SourceDate "2009.09.03"]
[SourceVersion "2"]
[SourceVersionDate "2009.09.16"]
[SourceQuality "1"]

1. c4 e5 2. b3 Nc6 3. Bb2 Nf6 4. d3 d5 5. cxd5 Nxd5 6. Nf3 Bd6 7. Nbd2 0-0 8. g3 Re8 9. Bg2 Bf8 10. Rc1 f6 11. 0-0 Bg4 12. h3 Be6 13. Rxc6 bxc6 14. d4 exd4 15. Nxd4 Qd7 16. Nxe6 Qxe6 17. Ne4 Rad8 18. Qc2 Nb4 19. Qb1 Bd6 20. Rc1 Be5 21. Bxe5 Qxe5 22. a3 Nd5 23. Rxc6 f5 24. Ng5 h6 25. Nf3 Qxe2 26. Qxf5 Ne7 27. Qe6+ Qxe6 28. Rxe6 Rd1+ 29. Kh2 Kf7 30. Re4 Nc8 31. Ne5+ Kg8 32. f4 Rd2 33. h4 Nd6 34. Ra4 Nf7 35. Nc4 Rc2 36. Kh3 Ree2 37. Bf3 Rh2+ 38. Kg4 g6 39. h5 Rxh5 40. Be4 Rc3 41. Bxg6 Rh2 42. Rxa7 Nd6 43. Nxd6 cxd6 44. b4 Rg2 45. Be4 Rgxg3+ 46. Kf5 Rxa3 47. Rd7 Rg7 48. Bd5+ Kh7 49. Rxd6 Ra4 50. Rb6 h5 51. Ke5 Ra3 52. Be4+ Kh8 53. f5 Re7+ 54. Kf4 Ra1 55. Rh6+ Kg8 56. Bd5+ Kg7 57. f6+ Kxh6 58. fxe7 Rf1+ 59. Ke5 1-0

[Event "Leiden op"]
[Site "Leiden"]
[Date "1993.02.20"]
[Round "2"]
[White "Schmittdiel, Eckhard"]
[Black "Bottema, Martin"]
[Result "1-0"]
[WhiteElo "2450"]
[BlackElo "2112"]
[PlyCount "83"]
[EventDate "1993.02.19"]
[EventType "swiss"]
[EventRounds "6"]
[EventCountry "NED"]
[SourceTitle "EXT 2003"]
[Source "ChessBase"]
[SourceDate "2002.11.25"]
[SourceVersion "1"]
[SourceVersionDate "2002.11.25"]
[SourceQuality "1"]

1. c4 Nf6 2. g3 e6 3. Bg2 d5 4. Nf3 Be7 5. 0-0 0-0 6. b3 c5 7. e3 Nc6 8. Bb2 b6 9. Qe2 Bb7 10. Rd1 dxc4 11. bxc4 Qc7 12. d4 cxd4 13. exd4 Na5 14. Nbd2 Rac8 15. Rac1 Rfe8 16. h3 Qb8 17. Nf1 Qa8 18. Ne3 Rc7 19. Bc3 Ba3 20. Rc2 Nc6 21. d5 Nb4 22. Bxf6 Nxc2 23. Nxc2 gxf6 24. Nxa3 exd5 25. Qb2 dxc4 26. Qxf6 Rc6 27. Qf4 Qb8 28. Qg4+ Rg6 29. Qxc4 Bxf3 30. Bxf3 Qc8 31. Qa4 Re7 32. Qh4 Qc5 33. Nc4 Qg5 34. Qd4 Qf6 35. Qd8+ Kg7 36. Kg2 Re6 37. Qb8 b5 38. Qxb5 Re7 39. Nd6 Rg5 40. Ne8+ Kh6 41. Nxf6 Rxb5 42. Ng8+ 1-0